| 000 | 01039nam a2200253Ia 4500 | ||
|---|---|---|---|
| 003 | GCL | ||
| 008 | 140319s9999 xx 000 0 ara d | ||
| 020 | _a7614509953 | ||
| 040 |
_aGCL / _cGCL |
||
| 082 | 0 | 4 |
_a337.11 _bم ت |
| 100 | 1 | _aمحمد محمود الامام | |
| 245 | 1 | 0 |
_aتجارب التكامل العالمية ومغزاها للتكامل العربى / _cمحمد محمود الامام |
| 250 | _aالاولى | ||
| 260 |
_aبيروت : _bمركز دراسات الوحدة العربية ، _c2004 |
||
| 300 |
_a732 ص ؛ _c25 سم |
||
| 650 | 0 | 4 | _aالتعاون الدولى |
| 650 | 0 | 4 | _aالعلاقات الخارجية |
| 650 | 0 | 4 | _aالعلاقات الاقتصادية الدولية |
| 650 | 0 | 4 | _aالتكامل الاقتصادى الدولى |
| 650 | 0 | 4 | _aالدول النامية - السياسة الاقتصادية |
| 650 | 0 | 4 | _aالعالم العربى - التكامل الاقتصادية |
| 650 | 0 | 4 | _aالدول النامية - العلاقات الخارجية |
| 942 |
_2ddc _cBK |
||
| 999 |
_c7487 _d7487 |
||